Tìm hiểu công trình hồ chứa nước Cửa Đạt ở huyện Thường Xuân, tỉnh Thanh Hóa. Dự báo những ảnh hưởng của công trình tới môi trường
Cơ sở lý luận chung. khái quát về đặc điểm tự nhiên và kinh tế - xã hội ở huyện Thường Xuân, tỉnh Thanh Hóa. tổng quan về công trình hồ chứa nước Cửa ĐạtDự báo những ảnh hưởng của công trình tới môi trường
Na minha lista:
| Autor principal: | |
|---|---|
| Outros Autores: | |
| Formato: | Livro |
| Idioma: | Vietnamese |
| Publicado em: |
Đại học Đà Nẵng
Trường đại học Sư Phạm
2010
|
| Colecção: | Khóa luận tốt nghiệp đại học. Chuyên ngành: Sư phạm Địa lý
|
| Assuntos: | |
| Tags: |
Adicionar Tag
Sem tags, seja o primeiro a adicionar uma tag!
|
| Thư viện lưu trữ: | Mạng thư viện Đại học Đà Nẵng |
|---|
| LEADER | 01719nam a2200349 4500 | ||
|---|---|---|---|
| 001 | 000011930 | ||
| 003 | 8212 | ||
| 005 | 20120214080212.0 | ||
| 008 | 120214s2010 viesd | ||
| 041 | |a vie | ||
| 072 | |a Khóa luận tốt nghiệp | ||
| 082 | |a 333.911 |b TR-V | ||
| 100 | |a Trịnh, Thị Vinh | ||
| 245 | |a Tìm hiểu công trình hồ chứa nước Cửa Đạt ở huyện Thường Xuân, tỉnh Thanh Hóa. Dự báo những ảnh hưởng của công trình tới môi trường |c Trịnh, Thị Vinh | ||
| 260 | |a Đại học Đà Nẵng |b Trường đại học Sư Phạm |c 2010 | ||
| 300 | |a 62 tr. |b bản đồ + biểu đồ |c 29 cm | ||
| 490 | |a Khóa luận tốt nghiệp đại học. Chuyên ngành: Sư phạm Địa lý | ||
| 500 | |a Tham khảo + phụ lục [5 tr.] | ||
| 520 | |a Cơ sở lý luận chung. khái quát về đặc điểm tự nhiên và kinh tế - xã hội ở huyện Thường Xuân, tỉnh Thanh Hóa. tổng quan về công trình hồ chứa nước Cửa ĐạtDự báo những ảnh hưởng của công trình tới môi trường | ||
| 653 | |a Khóa luận tốt nghiệp đại học | ||
| 653 | |a Khoa Địa lí | ||
| 700 | |a Đậu, Thị Hòa |c TS |e Hướng dẫn | ||
| OWN | |a LSP | ||
| AVA | |a UDN50 |b LSP |d 333.911 TR-V |e available |t Error 5001 Not defined in file expand_doc_bib_avail. |f 1 |g 0 |h N |i 0 |k 1 | ||
| 999 | |a From the UDN01 | ||
| AVA | |a UDN50 |b LSP |d 333.911 TR-V |e available |t Error 5001 Not defined in file expand_doc_bib_avail. |f 1 |g 0 |h N |i 0 |k 1 | ||
| TYP | |a Monograph | ||
| TYP | |a Printed language | ||
| 980 | |a Mạng thư viện Đại học Đà Nẵng | ||